| 000 | 00358 a2200169 4500 | ||
|---|---|---|---|
| 001 | 74338 | ||
| 020 | _a9788580101317 | ||
| 040 | _cAnchieta - Colégio São Paulo | ||
| 100 | _aLopes, Hélvio Bueno | ||
| 240 | 1 | 0 |
_aFísica _lpor |
| 245 | 1 | 0 | _aFísica |
| 300 | _a120 | ||
| 362 | 0 | _a2011 | |
| 440 | 1 | _aEditora do Brasil | |
| 650 | 4 | _aFísica | |
| 942 | _cBK | ||
| 999 |
_c74338 _d74338 |
||